000 00704nam a2200241 i 4500
001 C2-0021049
003 PPAK
005 20190630221951.0
008 970203s1982 my |||| ||||| | may d
040 _aPPAK
_beng
_cPPAK
_erda
082 0 4 _a899.231
_223
090 0 0 _a899.231
_bKEM
_dG
090 0 0 _a899.231
_bKEM
_dKIH
245 0 0 _aKembang melati :
_bkumpulan puisi tujuh penyair wanita
264 1 _aKuala Lumpur :
_bDewan Bahasa dan Pustaka ,
_c1982
300 _axiv, 137 pages ;
_c21 cm
336 _2rdacontent
_atext
337 _2rdamedia
_aunmediated
338 _2rdacarrier
_avolume
650 1 0 _aMalay poetry
700 0 _aPyan Husayn ; Suhaimi Haji Muhammad,
_ecompile
942 _ddc
_cB
999 _c4323
_d4323